<?xml version="1.0" encoding="UTF-8"?>
<marc:record xmlns:marc="http://www.loc.gov/MARC21/slim">
   <marc:leader>00000nam a2200000 a 4500</marc:leader>
   <marc:datafield ind1="1" ind2=" " tag="100">
      <marc:subfield code="a">Wich, Henriette</marc:subfield>
      <marc:subfield code="4">ctb</marc:subfield>
      <marc:subfield code="e">Mitwirkende/-r</marc:subfield>
   </marc:datafield>
   <marc:datafield ind1="1" ind2=" " tag="100">
      <marc:subfield code="a">Rachner, Marina</marc:subfield>
      <marc:subfield code="4">ctb</marc:subfield>
      <marc:subfield code="e">Mitwirkende/-r</marc:subfield>
   </marc:datafield>
   <marc:datafield ind1="0" ind2="0" tag="245">
      <marc:subfield code="a">Kleine Traum-Geschichten zum Vorlesen</marc:subfield>
   </marc:datafield>
   <marc:datafield ind1="0" ind2="0" tag="245">
      <marc:subfield code="c">Henriette Wich ; Marina Rachner</marc:subfield>
   </marc:datafield>
   <marc:datafield ind1=" " ind2="1" tag="264">
      <marc:subfield code="a">Hamburg</marc:subfield>
      <marc:subfield code="b">Ellermann</marc:subfield>
      <marc:subfield code="c">2008</marc:subfield>
   </marc:datafield>
   <marc:datafield ind1="1" ind2=" " tag="520">
      <marc:subfield code="a">Angaben aus der Verlagsmeldung

Kleine Traum-Geschichten zum Vorlesen / von Henriette Wich

Schlaf gut und träum schön! Für Kinder ab 2 Jahren Stefan weiß genau, dass er ohne seinen Kuscheldrachen nicht einschlafen kann – aber er findet ihn einfach nicht wieder! Ob es hilft, von dem Drachen zu träumen? Und so hat jedes Kind seinen Lieblingtraum: Jenny träumt von der Feuerwehr, Pauline von den Schäfchen Kuschel und Wuschel und Konstantin von seinem Papa, dem Monsterjäger. 11 einfache, kurze und liebevolle Geschichten für die erste Vorlesestufe - mit traumschönen Kuschelbildern.
</marc:subfield>
   </marc:datafield>
   <marc:datafield ind1=" " ind2=" " tag="020">
      <marc:subfield code="a">9783770739707</marc:subfield>
      <marc:subfield code="9">9783770739707</marc:subfield>
   </marc:datafield>
   <marc:datafield ind1=" " ind2=" " tag="020">
      <marc:subfield code="a">3770739701</marc:subfield>
      <marc:subfield code="9">3770739701</marc:subfield>
   </marc:datafield>
   <marc:datafield ind1=" " ind2=" " tag="300">
      <marc:subfield code="a">28] S.</marc:subfield>
   </marc:datafield>
</marc:record>
